[Event "PRVA LIGA CENTRALNE SRBIJE 2014"]
[Site "Kraljevo"]
[Date "2014.09.16"]
[Round "5.1"]
[White "Parligras, Mircea-Emilian"]
[Black "Petkov, Vladimir"]
[Result "1-0"]
[WhiteElo "2578"]
[BlackElo "2531"]
[PlyCount "73"]
[EventDate "2014.09.13"]

1. d4 Nf6 2. c4 e6 3. Nf3 Nc6 4. a3 d6 5. Nc3 g6 6. Bf4 Bg7 7. e3 O-O 8. Be2
Nd7 9. h3 e5 10. Bh2 Re8 11. O-O a5 12. d5 Ne7 13. Rc1 Nf5 14. b4 h5 15. Nb5
axb4 16. axb4 Nf6 17. c5 Re7 18. Qb3 Bd7 19. Rfd1 Bh6 20. Nd2 g5 21. Nc3 g4 22.
hxg4 hxg4 23. Nf1 Qf8 24. Ra1 Ree8 25. Bb5 Rxa1 26. Rxa1 dxc5 27. bxc5 Qxc5 28.
Ne4 Nxe4 29. Bxd7 g3 30. Bxg3 Nfxg3 31. Nxg3 Nxg3 32. Bxe8 Ne2+ 33. Kf1 Nc1 34.
Qa4 Qc3 35. Qg4+ Kf8 36. Ra8 Qd3+ 37. Kg1 1-0

[Event "PRVA LIGA CENTRALNE SRBIJE 2014"]
[Site "Kraljevo"]
[Date "2014.09.16"]
[Round "5.1"]
[White "Paunovic, Tomislav"]
[Black "Perunovic, Miodrag"]
[Result "1/2-1/2"]
[WhiteElo "2341"]
[BlackElo "2415"]
[PlyCount "92"]
[EventDate "2014.09.13"]

1. d4 Nf6 2. c4 e6 3. Nc3 Bb4 4. Qc2 Nc6 5. Nf3 d6 6. Bd2 e5 7. a3 Bxc3 8. Bxc3
Qe7 9. d5 Nd8 10. e4 O-O 11. Be2 Ne8 12. Nd2 f5 13. f3 a5 14. O-O-O a4 15. Kb1
b6 16. exf5 Bxf5 17. Ne4 Nf6 18. Bd3 Nxe4 19. Bxe4 Bxe4 20. Qxe4 Nb7 21. Ka2
Nc5 22. Qe2 Qh4 23. g3 Qh3 24. Rhf1 Rae8 25. Bb4 Nb3 26. Bc3 Re7 27. f4 e4 28.
g4 h5 29. gxh5 Rf5 30. Rg1 Qxh5 31. Rg4 Qh7 32. Rdg1 Rff7 33. Qe3 Kf8 34. Qg3
Ke8 35. Rg5 Kd8 36. Qg4 e3 37. Rh5 Qe4 38. Rh8+ Re8 39. Rxe8+ Qxe8 40. Bxg7 Qd7
41. Qh4+ Kc8 42. Bc3 Kb7 43. Rg8 Qf5 44. Qd8 Nc1+ 45. Ka1 Nb3+ 46. Ka2 Nc1+
1/2-1/2

[Event "PRVA LIGA CENTRALNE SRBIJE 2014"]
[Site "Kraljevo"]
[Date "2014.09.16"]
[Round "5.1"]
[White "Radovanovic, Dusan"]
[Black "Manic, Jovica"]
[Result "1-0"]
[WhiteElo "2394"]
[BlackElo "2254"]
[PlyCount "78"]
[EventDate "2014.09.13"]

1. d4 Nf6 2. Bg5 Ne4 3. Bf4 d5 4. e3 c6 5. Bd3 f5 6. Nf3 Nd7 7. O-O e6 8. c4
Be7 9. Ne5 O-O 10. Nxd7 Bxd7 11. f3 Nd6 12. Nd2 b5 13. b3 g5 14. Bg3 f4 15. Bf2
Nf5 16. Bxf5 Rxf5 17. e4 Rf7 18. Rc1 Rc8 19. Nb1 b4 20. Nd2 a5 21. Qe2 Bf8 22.
Rc2 Rc7 23. Rfc1 Bc8 24. cxd5 cxd5 25. Qb5 Rxc2 26. Rxc2 Bb7 27. e5 Rd7 28. h4
Be7 29. hxg5 Bxg5 30. Nf1 Be7 31. Be1 Rc7 32. Rxc7 Qxc7 33. Qe8+ Kg7 34. Bd2
Ba6 35. Bxf4 Bd3 36. Ng3 Bg6 37. Nh5+ Bxh5 38. Qxh5 Qc6 39. Bh6+ Kg8 1-0

[Event "PRVA LIGA CENTRALNE SRBIJE 2014"]
[Site "Kraljevo"]
[Date "2014.09.16"]
[Round "5.1"]
[White "Todorovic, Bojan"]
[Black "Marcetic, Nikola"]
[Result "1-0"]
[WhiteElo "2344"]
[BlackElo "2389"]
[PlyCount "133"]
[EventDate "2014.09.13"]

1. c4 e6 2. Nf3 d5 3. g3 Nf6 4. Bg2 Be7 5. O-O O-O 6. b3 c5 7. Bb2 Nc6 8. e3
dxc4 9. bxc4 Qb6 10. Qc1 Rd8 11. Rd1 Bd7 12. Nc3 Rac8 13. d3 Be8 14. Ne2 Nb4
15. Nf4 Ba4 16. Rd2 h6 17. Rb1 Nxa2 18. Qf1 Nb4 19. Ne5 Nd7 20. Nxd7 Rxd7 21.
d4 Qd8 22. d5 Bf6 23. e4 Bxb2 24. Rbxb2 e5 25. Nd3 Nxd3 26. Rxd3 Rd6 27. Ra3
Bd7 28. Rxa7 b5 29. cxb5 c4 30. Rxd7 Rxd7 31. Bh3 c3 32. Rc2 Rc5 33. Bxd7 Qxd7
34. Qd3 Qxb5 35. Qxb5 Rxb5 36. Rxc3 Rb4 37. f3 Kf8 38. Kg2 Rb2+ 39. Kh3 Rd2 40.
g4 g6 41. Kg3 f5 42. gxf5 gxf5 43. Rc6 fxe4 44. fxe4 Re2 45. Kf3 Rxh2 46. Rf6+
Kg7 47. Rf5 h5 48. Kg3 Rh1 49. Rxe5 Kg6 50. Re8 h4+ 51. Kf4 Kf7 52. Ra8 h3 53.
Ke5 Kg7 54. Ra3 Kf7 55. Rg3 h2 56. Rh3 Kf8 57. Ke6 Re1 58. Rxh2 Rxe4+ 59. Kd7
Rf4 60. Rh7 Ra4 61. Rh8+ Kf7 62. d6 Rc4 63. Rh1 Rc2 64. Rf1+ Kg7 65. Ke7 Re2+
66. Kd8 Rd2 67. d7 1-0

[Event "PRVA LIGA CENTRALNE SRBIJE 2014"]
[Site "Kraljevo"]
[Date "2014.09.16"]
[Round "5.1"]
[White "Radivojevic, Ivan"]
[Black "Nikolic, Boban"]
[Result "1-0"]
[WhiteElo "2365"]
[BlackElo "2242"]
[PlyCount "41"]
[EventDate "2014.09.13"]

1. e4 d6 2. d4 Nf6 3. Nc3 g6 4. Be3 Bg7 5. Qd2 a6 6. Bh6 Bxh6 7. Qxh6 c5 8.
dxc5 Qa5 9. cxd6 Nc6 10. dxe7 Be6 11. Bd3 Qb6 12. Qd2 Qxb2 13. Rb1 Qa3 14. Rxb7
Bxa2 15. Rb6 Qc5 16. Na4 Qd6 17. Qc3 Rc8 18. Nf3 Kxe7 19. e5 Qe6 20. O-O Nd7
21. Nd4 1-0

[Event "PRVA LIGA CENTRALNE SRBIJE 2014"]
[Site "Kraljevo"]
[Date "2014.09.16"]
[Round "5.1"]
[White "Pejcic, Milutin"]
[Black "Vuckovic, Branko"]
[Result "1-0"]
[WhiteElo "2135"]
[BlackElo "2270"]
[PlyCount "71"]
[EventDate "2014.09.13"]

1. Nf3 b6 2. d4 Bb7 3. e3 e6 4. Bd3 f5 5. c4 Nf6 6. Nc3 Be7 7. O-O O-O 8. Qe2
Ne4 9. Nd2 d5 10. f3 Nf6 11. cxd5 Nxd5 12. Nb3 a5 13. a3 a4 14. Nd2 c5 15. Nxd5
exd5 16. f4 Nc6 17. Nf3 g6 18. Bd2 Na5 19. Bc3 Nb3 20. Rad1 c4 21. Bc2 Bc6 22.
Ne5 Bd7 23. Qf3 Be8 24. g4 Qd6 25. Bb4 Qe6 26. gxf5 gxf5 27. Bxe7 Qxe7 28.
Qxd5+ Bf7 29. Qd7 Ra7 30. Qxf5 Bg6 31. Qg4 Qg7 32. Bxg6 hxg6 33. Nxc4 Qf7 34.
Ne5 Qf5 35. Rf2 Rg7 36. Rg2 1-0

[Event "PRVA LIGA CENTRALNE SRBIJE 2014"]
[Site "Kraljevo"]
[Date "2014.09.16"]
[Round "5.2"]
[White "Jovanovic, Dusan D"]
[Black "Stojanovski, Dejan"]
[Result "1/2-1/2"]
[WhiteElo "2401"]
[BlackElo "2442"]
[PlyCount "20"]
[EventDate "2014.09.13"]

1. Nf3 Nf6 2. c4 c5 3. Nc3 g6 4. d4 cxd4 5. Nxd4 Nc6 6. Nc2 Bg7 7. g3 O-O 8.
Bg2 d6 9. O-O Be6 10. b3 Rc8 1/2-1/2

[Event "PRVA LIGA CENTRALNE SRBIJE 2014"]
[Site "Kraljevo"]
[Date "2014.09.16"]
[Round "5.2"]
[White "Djukic, Zeljko"]
[Black "Stojanovic, Dobrisav"]
[Result "1/2-1/2"]
[WhiteElo "2367"]
[BlackElo "2367"]
[PlyCount "22"]
[EventDate "2014.09.13"]

1. c4 Nf6 2. Nc3 c6 3. d4 d5 4. cxd5 cxd5 5. Bf4 Nc6 6. e3 e6 7. Nf3 Bb4 8. Bd3
Qa5 9. Qb3 a6 10. O-O Bd7 11. h3 b5 1/2-1/2

[Event "PRVA LIGA CENTRALNE SRBIJE 2014"]
[Site "Kraljevo"]
[Date "2014.09.16"]
[Round "5.2"]
[White "Panic, Nenad"]
[Black "Ilic, Zoran S"]
[Result "1/2-1/2"]
[WhiteElo "2346"]
[BlackElo "2289"]
[PlyCount "23"]
[EventDate "2014.09.13"]

1. c4 g6 2. Nc3 Bg7 3. g3 Nf6 4. Bg2 O-O 5. b3 d6 6. Bb2 e5 7. Nf3 c6 8. O-O
Nbd7 9. Ne1 a5 10. Nc2 Re8 11. e3 Nc5 12. d4 1/2-1/2

[Event "PRVA LIGA CENTRALNE SRBIJE 2014"]
[Site "Kraljevo"]
[Date "2014.09.16"]
[Round "5.3"]
[White "Marjanovic, Slavoljub"]
[Black "Atalik, Suat"]
[Result "0-1"]
[WhiteElo "2473"]
[BlackElo "2549"]
[PlyCount "68"]
[EventDate "2014.09.13"]

1. e4 c5 2. Nf3 d6 3. d4 cxd4 4. Nxd4 Nf6 5. Nc3 a6 6. a4 e5 7. Nf3 Qc7 8. Bg5
Nbd7 9. Nd2 h6 10. Bxf6 Nxf6 11. Bc4 Be6 12. Qe2 Rc8 13. Bb3 Be7 14. O-O O-O
15. Rfc1 Nd7 16. Nd5 Bxd5 17. Bxd5 Bg5 18. Bb3 Nc5 19. Bd5 Ne6 20. Bxe6 fxe6
21. c3 Qb6 22. Nc4 Rxc4 23. Qxc4 Qxf2+ 24. Kh1 Bxc1 25. Rxc1 d5 26. exd5 Qd2
27. Rg1 exd5 28. Qg4 e4 29. h3 e3 30. Rd1 Qf2 31. Rxd5 e2 32. Qe6+ Kh8 33. Re5
Qf1+ 34. Kh2 Qf4+ 0-1

[Event "PRVA LIGA CENTRALNE SRBIJE 2014"]
[Site "Kraljevo"]
[Date "2014.09.16"]
[Round "5.3"]
[White "Maksimovic, Branimir"]
[Black "Marinkovic, Ivan"]
[Result "0-1"]
[WhiteElo "2384"]
[BlackElo "2448"]
[PlyCount "78"]
[EventDate "2014.09.13"]

1. d4 Nf6 2. c4 c5 3. d5 b5 4. cxb5 a6 5. bxa6 g6 6. Nc3 Bxa6 7. e4 Bxf1 8.
Kxf1 d6 9. Nf3 Bg7 10. g3 O-O 11. Kg2 Nbd7 12. a4 Ra6 13. Ra3 Qa8 14. Qc2 Rc8
15. Re1 c4 16. Be3 Ng4 17. Bd4 Bxd4 18. Nxd4 Nge5 19. f4 Nd3 20. Re2 Nb4 21.
Qd2 Nc5 22. h4 Nxa4 23. h5 Nd3 24. Nc6 Re8 25. b4 Nxc3 26. Rxa6 Qxa6 27. Qxc3
e5 28. h6 f6 29. b5 Qxb5 30. Qa1 c3 31. Qa7 Nxf4+ 32. Kg1 Qc5+ 33. Qxc5 Nxe2+
34. Kf2 dxc5 35. Kxe2 Kf7 36. Kd3 Ra8 37. Kxc3 Ra4 38. Kd3 Ke8 39. g4 g5 0-1

[Event "PRVA LIGA CENTRALNE SRBIJE 2014"]
[Site "Kraljevo"]
[Date "2014.09.16"]
[Round "5.3"]
[White "Pavlovic, Dejan S"]
[Black "Bojkovic, Slobodan"]
[Result "1-0"]
[WhiteElo "2407"]
[BlackElo "2216"]
[PlyCount "31"]
[EventDate "2014.09.13"]

1. d4 d5 2. c4 c6 3. Nf3 Nf6 4. e3 g6 5. Nc3 Bg7 6. Be2 O-O 7. O-O Be6 8. b3 c5
9. dxc5 Ne4 10. Nxe4 Bxa1 11. Neg5 Bf6 12. Nxe6 fxe6 13. Nd4 dxc4 14. Bxc4 Nc6
15. Nxe6 Qxd1 16. Nxf8+ 1-0

[Event "PRVA LIGA CENTRALNE SRBIJE 2014"]
[Site "Kraljevo"]
[Date "2014.09.16"]
[Round "5.3"]
[White "Necevski, Aleksandar"]
[Black "Djokic, Nenad"]
[Result "1/2-1/2"]
[WhiteElo "2270"]
[BlackElo "2329"]
[PlyCount "57"]
[EventDate "2014.09.13"]

1. d4 Nf6 2. Nf3 e6 3. e3 b6 4. b3 Bb7 5. Bd3 Be7 6. Bb2 O-O 7. Nbd2 c5 8. O-O
cxd4 9. exd4 d6 10. c4 Nbd7 11. Qe2 Re8 12. Ng5 Nf8 13. f4 N6d7 14. Qg4 f5 15.
Qh5 g6 16. Qh6 Bf6 17. g4 fxg4 18. Qh4 Bg7 19. Qxg4 Nf6 20. Qh3 Qd7 21. Rae1
Rad8 22. Re2 h6 23. Ngf3 Re7 24. Nh4 Qe8 25. Qg3 Nh5 26. Qg4 Nf6 27. Qg3 Nh5
28. Qg4 Nf6 29. Qg3 1/2-1/2

[Event "PRVA LIGA CENTRALNE SRBIJE 2014"]
[Site "Kraljevo"]
[Date "2014.09.16"]
[Round "5.3"]
[White "Tasic, Vladimir"]
[Black "Perunovic, Ljubivoje"]
[Result "1-0"]
[WhiteElo "2256"]
[BlackElo "1915"]
[PlyCount "51"]
[EventDate "2014.09.13"]

1. f4 g6 2. Nf3 Bg7 3. g3 Nf6 4. Bg2 O-O 5. O-O d5 6. d3 b6 7. e4 dxe4 8. dxe4
Bb7 9. e5 Qxd1 10. Rxd1 Ng4 11. h3 Nh6 12. g4 e6 13. Nc3 Na6 14. a3 Rad8 15.
Be3 c6 16. f5 Rfe8 17. f6 Bf8 18. Nd4 Nb8 19. Ndb5 Nd7 20. Bf4 cxb5 21. Bxb7
Nc5 22. Bc6 a6 23. b4 Na4 24. Nxa4 bxa4 25. Bxe8 Rxe8 26. Rd7 1-0

[Event "PRVA LIGA CENTRALNE SRBIJE 2014"]
[Site "Kraljevo"]
[Date "2014.09.16"]
[Round "5.4"]
[White "Iordachescu, Viorel"]
[Black "Stankovic, Milos"]
[Result "1/2-1/2"]
[WhiteElo "2603"]
[BlackElo "2415"]
[PlyCount "99"]
[EventDate "2014.09.13"]

1. e4 e6 2. d4 d5 3. Nc3 Nf6 4. e5 Nfd7 5. Nce2 c5 6. c3 Nc6 7. Nf3 Qb6 8. a3
Be7 9. g3 c4 10. Bg2 Na5 11. O-O Nf8 12. Nf4 Bd7 13. Rb1 Rg8 14. Be3 Qb3 15.
Qe2 Ba4 16. Rfc1 Qb5 17. Nh5 h6 18. Nd2 Nd7 19. g4 Nb3 20. Nxb3 Qxb3 21. Ng3
Nb6 22. f4 O-O-O 23. f5 Kb8 24. Qf3 Bh4 25. Nf1 g5 26. Nd2 Qb5 27. Qe2 h5 28.
fxe6 fxe6 29. gxh5 g4 30. h6 Qd7 31. b3 Bb5 32. a4 Ba6 33. Qd1 cxb3 34. Nxb3
Nxa4 35. Qd2 Rc8 36. Nc5 Nxc5 37. dxc5 Rc7 38. Rb4 Qh7 39. c4 Bxc4 40. Rc3 g3
41. h3 Be7 42. Rcxc4 dxc4 43. Qb2 Bg5 44. Bxg5 Rxg5 45. Bxb7 Rxb7 46. c6 Rb6
47. Rxb6+ axb6 48. Qxb6+ Kc8 49. Qa6+ Kb8 50. Qb6+ 1/2-1/2

[Event "PRVA LIGA CENTRALNE SRBIJE 2014"]
[Site "Kraljevo"]
[Date "2014.09.16"]
[Round "5.4"]
[White "Nestorovic, Dejan"]
[Black "Milanovic, Danilo"]
[Result "1-0"]
[WhiteElo "2425"]
[BlackElo "2481"]
[PlyCount "61"]
[EventDate "2014.09.13"]

1. d4 Nf6 2. c4 c5 3. d5 b5 4. cxb5 a6 5. e3 g6 6. Nc3 Bg7 7. a4 O-O 8. Nf3 Bb7
9. Ra3 e6 10. dxe6 fxe6 11. Be2 d5 12. O-O Nbd7 13. Ng5 Qe7 14. a5 axb5 15.
Bxb5 Ra7 16. a6 Bc8 17. Qc2 Nb8 18. e4 Nc6 19. exd5 exd5 20. Qa4 h6 21. Nf3 d4
22. Re1 Qb7 23. Bc4+ Kh7 24. Nb5 Bd7 25. Ne5 Raa8 26. Nd6 Qc7 27. Qc2 Ne4 28.
Nxd7 Qxd7 29. Nxe4 Nb4 30. Qd1 Rac8 31. Be6 1-0

[Event "PRVA LIGA CENTRALNE SRBIJE 2014"]
[Site "Kraljevo"]
[Date "2014.09.16"]
[Round "5.4"]
[White "Kostic, Vladimir G"]
[Black "Markovic, Zoran S"]
[Result "1/2-1/2"]
[WhiteElo "2399"]
[BlackElo "2358"]
[PlyCount "138"]
[EventDate "2014.09.13"]

1. e4 c5 2. c3 d5 3. exd5 Qxd5 4. d4 Nc6 5. Be3 Bf5 6. Nf3 Nf6 7. Nbd2 cxd4 8.
Bc4 dxe3 9. Bxd5 exd2+ 10. Qxd2 O-O-O 11. Qf4 Rxd5 12. c4 Rc5 13. O-O Bg6 14.
Qd2 e6 15. b4 Rxc4 16. a3 Be7 17. Rac1 Rd8 18. Qb2 Rxc1 19. Rxc1 a6 20. Ne5 Kb8
21. Nxc6+ bxc6 22. f3 Kb7 23. a4 Bd3 24. Qc3 Rd6 25. g4 h6 26. Kf2 Ne8 27. Rd1
Bf6 28. Qb3 Bc4 29. Qc2 Rxd1 30. Qxd1 Bd5 31. Qd3 Nd6 32. Qh7 e5 33. Qg8 e4 34.
fxe4 Nxe4+ 35. Ke3 Nc3 36. a5 Be6 37. Qf8 Nd5+ 38. Kf3 Bc3 39. h4 Bf6 40. Kg3
Be5+ 41. Kf3 Bf6 42. Kg3 Ne7 43. h5 Nd5 44. Kf3 Bc3 45. Kg3 Be5+ 46. Kf3 Bf6
47. Kg3 Nc3 48. Kf3 Bd5+ 49. Ke3 Nb5 50. Kf4 Nc7 51. Kg3 Be5+ 52. Kf2 Be6 53.
Kf3 Nd5 54. Qc5 Bf6 55. Qf8 Bc3 56. Kg3 Nf6 57. Qe7+ Nd7 58. Kg2 Be5 59. g5
hxg5 60. Qxg5 Bc3 61. Qg3 Bd5+ 62. Kf1 Be5 63. Qg5 Be6 64. Qe3 f5 65. Qg5 Bf6
66. Qf4 Be5 67. Qg5 f4 68. Kf2 Bd5 69. Qd8 Be6 1/2-1/2

[Event "PRVA LIGA CENTRALNE SRBIJE 2014"]
[Site "Kraljevo"]
[Date "2014.09.16"]
[Round "5.4"]
[White "Milenkovic, Mladen"]
[Black "Bozic, Milan"]
[Result "0-1"]
[WhiteElo "2329"]
[BlackElo "2412"]
[PlyCount "150"]
[EventDate "2014.09.13"]

1. e4 d6 2. d4 c6 3. Nc3 e5 4. Nf3 Qc7 5. Bc4 Bg4 6. dxe5 dxe5 7. h3 Bh5 8. g4
Bg6 9. Nh4 b5 10. Bb3 Nf6 11. Nxg6 hxg6 12. Qf3 Na6 13. Be3 Rd8 14. g5 Nh5 15.
a4 b4 16. Nb1 Bc5 17. Nd2 Qe7 18. O-O-O Bxe3 19. fxe3 Nc5 20. h4 O-O 21. Nc4
Kh7 22. Rxd8 Rxd8 23. Rd1 Rxd1+ 24. Kxd1 Qd7+ 25. Kc1 f6 26. Nd2 Nxb3+ 27. Nxb3
c5 28. Nxc5 Qc6 29. Nb3 Qxa4 30. Qg4 Qc6 31. Nd2 a5 32. b3 a4 33. bxa4 Qxa4 34.
Nb3 Qa7 35. Qf3 Qc7 36. Nd2 Qc3 37. Qf1 Qa3+ 38. Kb1 Qa8 39. Kc1 Qc8 40. Qf3
Kg8 41. Nb3 Qe6 42. Nd2 Qf7 43. Qg4 Kh7 44. Nb3 Qc4 45. Qf3 Qc3 46. Qf2 Kg8 47.
Nd2 Kf7 48. Nb1 Qc6 49. Nd2 b3 50. Nxb3 Qxe4 51. Nc5 Qa8 52. Nd3 Qh1+ 53. Kd2
Qe4 54. Nc1 f5 55. Ne2 Qb4+ 56. Kd1 Kg8 57. Qe1 Qb1+ 58. Kd2 Qb7 59. Qf2 Kh7
60. Kc1 Qa7 61. Qf3 Qa3+ 62. Kd2 Qb4+ 63. c3 Qb2+ 64. Kd1 e4 65. Qf2 Qb1+ 66.
Nc1 Qb8 67. Ne2 Qb2 68. Qe1 Qb1+ 69. Nc1 f4 70. exf4 Nxf4 71. Kd2 Ng2 72. Qd1
e3+ 73. Ke2 Qe4 74. Qd4 Nf4+ 75. Kd1 e2+ 0-1

[Event "PRVA LIGA CENTRALNE SRBIJE 2014"]
[Site "Kraljevo"]
[Date "2014.09.16"]
[Round "5.4"]
[White "Popovic, Nenad"]
[Black "Dudukovic, Nikola"]
[Result "0-1"]
[WhiteElo "2263"]
[BlackElo "2341"]
[PlyCount "114"]
[EventDate "2014.09.13"]

1. c4 e5 2. Nc3 Nc6 3. g3 g6 4. Bg2 Bg7 5. d3 Nge7 6. h4 h6 7. e4 d6 8. Be3 Be6
9. Qd2 Nd4 10. h5 g5 11. f4 gxf4 12. gxf4 exf4 13. Bxf4 Nec6 14. O-O-O Qd7 15.
Nd5 O-O-O 16. Be3 Kb8 17. Rf1 f5 18. Kb1 fxe4 19. dxe4 Bg4 20. Nf6 Bxf6 21.
Rxf6 Ne6 22. Ne2 Rdf8 23. Rhf1 Qe7 24. Rxf8+ Rxf8 25. Rxf8+ Qxf8 26. Ng3 Ne5
27. b3 Qf7 28. Bxh6 Bxh5 29. Nf5 Bf3 30. Bxf3 Nxf3 31. Qc3 Ne5 32. Be3 Qh5 33.
Qc2 Qf3 34. Kb2 b6 35. b4 Nf4 36. Bxf4 Nd3+ 37. Kb1 Qxe4 38. Nxd6 Qe1+ 39. Bc1
Nxc1 40. Qxc1 Qxb4+ 41. Kc2 Qxd6 42. Qg5 Kb7 43. Qg8 a5 44. Qg5 Qc6 45. Qg4 b5
46. Kb3 Qxc4+ 47. Qxc4 bxc4+ 48. Kxc4 Kb6 49. a3 Kc6 50. a4 Kd6 51. Kd4 c5+ 52.
Ke4 Ke6 53. Ke3 Kd5 54. Kd3 c4+ 55. Kd2 Kd4 56. Kc2 c3 57. Kc1 Kc4 0-1

[Event "PRVA LIGA CENTRALNE SRBIJE 2014"]
[Site "Kraljevo"]
[Date "2014.09.16"]
[Round "5.4"]
[White "Organdziev, Oliver"]
[Black "Komnenic, Branko"]
[Result "1-0"]
[WhiteElo "2302"]
[BlackElo "2255"]
[PlyCount "73"]
[EventDate "2014.09.13"]

1. e4 e6 2. d4 d5 3. Nc3 Be7 4. e5 a6 5. Qg4 g6 6. Nf3 c5 7. dxc5 Nd7 8. Be3
Nxc5 9. O-O-O Bd7 10. Bg5 h6 11. Bxe7 Qxe7 12. Kb1 Bc6 13. Bd3 O-O-O 14. Nd4
Be8 15. h4 f5 16. Qe2 Rh7 17. g4 h5 18. gxf5 gxf5 19. Nxf5 exf5 20. Bxf5+ Kb8
21. Bxh7 Qxh7 22. Rxd5 Rxd5 23. Nxd5 Bc6 24. Rd1 Qe4 25. Qxe4 Nxe4 26. Nb4 Kc7
27. Nxc6 Kxc6 28. f3 Nc5 29. Rg1 Ne7 30. Rg5 Kd7 31. Rxh5 Ke6 32. Rg5 Kf7 33.
h5 Ne6 34. Rg4 Nf5 35. Rg6 Ke7 36. h6 Nd8 37. h7 1-0

[Event "PRVA LIGA CENTRALNE SRBIJE 2014"]
[Site "Kraljevo"]
[Date "2014.09.16"]
[Round "5.5"]
[White "Arandjelovic, Aleksandar Z"]
[Black "Pancevski, Filip"]
[Result "0-1"]
[WhiteElo "2068"]
[BlackElo "2469"]
[PlyCount "58"]
[EventDate "2014.09.13"]

1. d4 g6 2. c4 Bg7 3. Nc3 d6 4. e4 e5 5. d5 a5 6. Bd3 Na6 7. Nf3 Ne7 8. O-O O-O
9. Re1 Bd7 10. Be3 f5 11. exf5 Nxf5 12. Bg5 Bf6 13. Ne4 Bxg5 14. Nexg5 Qf6 15.
Ne4 Qg7 16. c5 Nxc5 17. Nxc5 dxc5 18. Nxe5 Nd4 19. Qd2 b6 20. Qg5 Bf5 21. Re3
h6 22. Qh4 Bxd3 23. Nxd3 Nf5 24. Qg4 Nxe3 25. fxe3 g5 26. Rd1 Rae8 27. Qh5 Rxe3
28. h3 Qf6 29. Rd2 Rxd3 0-1

[Event "PRVA LIGA CENTRALNE SRBIJE 2014"]
[Site "Kraljevo"]
[Date "2014.09.16"]
[Round "5.5"]
[White "Zajic, Milan"]
[Black "Petrovic, Tamara"]
[Result "1-0"]
[WhiteElo "2426"]
[BlackElo "1691"]
[PlyCount "105"]
[EventDate "2014.09.13"]

1. e4 c5 2. Nf3 d6 3. d4 cxd4 4. Nxd4 Nf6 5. Nc3 a6 6. h3 e6 7. g4 Be7 8. Bg2
Qc7 9. O-O Nc6 10. Be3 Rb8 11. Kh1 Ne5 12. a4 b6 13. f4 Nc4 14. Bc1 Bb7 15. g5
Nd7 16. f5 exf5 17. Nxf5 Bf8 18. Qd4 Nce5 19. Rd1 Qc5 20. Nxd6+ Bxd6 21. Qxd6
Qxd6 22. Rxd6 Ke7 23. Rd4 Rbc8 24. Bf4 Rc4 25. Rad1 Rxd4 26. Rxd4 Rc8 27. Kg1
Rc5 28. Kf2 Nf8 29. h4 Ne6 30. Bxe5 Rxe5 31. Rb4 Nc5 32. Rxb6 Bxe4 33. Nxe4
Nxe4+ 34. Bxe4 Rxe4 35. Rxa6 Rxh4 36. Kg3 Rc4 37. c3 Rc5 38. Kf4 Rc4+ 39. Ke3
Rc5 40. Kf4 Rc4+ 41. Kg3 Rc5 42. Kh4 g6 43. a5 Rc4+ 44. Kh3 Rc5 45. Ra7+ Ke6
46. a6 Rxg5 47. b4 Rg1 48. b5 Rb1 49. Rb7 Rb3 50. a7 Rxc3+ 51. Kg2 Ra3 52. Rb6+
Kd5 53. Ra6 1-0

[Event "PRVA LIGA CENTRALNE SRBIJE 2014"]
[Site "Kraljevo"]
[Date "2014.09.16"]
[Round "5.5"]
[White "Djokic, Nebojsa"]
[Black "Mladenovic, Stefan"]
[Result "0-1"]
[WhiteElo "2180"]
[BlackElo "2336"]
[PlyCount "55"]
[EventDate "2014.09.13"]

1. e4 e6 2. d4 d5 3. Nc3 Bb4 4. e5 Qd7 5. a3 Bxc3+ 6. bxc3 b6 7. h4 Ba6 8. h5
Bxf1 9. Kxf1 h6 10. Qg4 f5 11. Qe2 Nc6 12. Nh3 Na5 13. Nf4 Ne7 14. Rh3 Nc4 15.
Rg3 Rg8 16. a4 a5 17. Ba3 Qxa4 18. Nxe6 Kd7 19. Nf4 Nxa3 20. c4 Qxc2 21. e6+
Kc8 22. Rgxa3 Qxe2+ 23. Kxe2 dxc4 24. Kd2 Nc6 25. d5 Nd4 26. Re1 Nb5 27. Rg3
Nd6 28. Ng6 0-1

[Event "PRVA LIGA CENTRALNE SRBIJE 2014"]
[Site "Kraljevo"]
[Date "2014.09.16"]
[Round "5.5"]
[White "Cvetanovic, Uros"]
[Black "Djukic, Slobodan D"]
[Result "1/2-1/2"]
[WhiteElo "2323"]
[BlackElo "2195"]
[PlyCount "37"]
[EventDate "2014.09.13"]

1. e4 c5 2. Nf3 Nc6 3. Bb5 g6 4. O-O Bg7 5. Re1 Nf6 6. h3 O-O 7. Nc3 d6 8. Bxc6
bxc6 9. e5 Nd5 10. exd6 exd6 11. Nxd5 cxd5 12. d4 h6 13. Be3 c4 14. Qd2 Kh7 15.
Bf4 a5 16. b4 g5 17. Bh2 f5 18. Reb1 f4 19. a4 1/2-1/2

[Event "PRVA LIGA CENTRALNE SRBIJE 2014"]
[Site "Kraljevo"]
[Date "2014.09.16"]
[Round "5.5"]
[White "Mickovic, Slavisa"]
[Black "Brankovic, Dejan"]
[Result "0-1"]
[WhiteElo "2104"]
[BlackElo "2345"]
[PlyCount "82"]
[EventDate "2014.09.13"]

1. d4 Nf6 2. c4 g6 3. Nc3 Bg7 4. e4 d6 5. f3 O-O 6. Be3 a6 7. Qd2 Nbd7 8. Nh3
c5 9. Be2 cxd4 10. Bxd4 Nc5 11. Nf2 Qa5 12. Rd1 Ne6 13. Be3 Bd7 14. Nd5 Qxd2+
15. Rxd2 Nxd5 16. cxd5 Nc5 17. Bd4 Rac8 18. Bxg7 Kxg7 19. Nd3 f5 20. Nxc5 Rxc5
21. O-O fxe4 22. fxe4 Rxf1+ 23. Bxf1 Rc1 24. Kf2 Kf6 25. Bd3 Ke5 26. Rc2 Rxc2+
27. Bxc2 Kd4 28. Kf3 a5 29. Kf4 h6 30. h4 b5 31. a3 b4 32. axb4 axb4 33. g4 Bb5
34. h5 gxh5 35. gxh5 Be2 36. Kf5 Bxh5 37. Ke6 Bf3 38. Kxe7 Ke5 39. Bd3 h5 40.
Kd7 h4 41. Bf1 Bxe4 0-1

[Event "PRVA LIGA CENTRALNE SRBIJE 2014"]
[Site "Kraljevo"]
[Date "2014.09.16"]
[Round "5.5"]
[White "Djordjevic, Vuk"]
[Black "Ilic, Aleksandar"]
[Result "1-0"]
[WhiteElo "2265"]
[BlackElo "2114"]
[PlyCount "81"]
[EventDate "2014.09.13"]

1. e4 c5 2. Nc3 Nc6 3. g3 g6 4. Bg2 Bg7 5. Nge2 e6 6. d3 Nge7 7. Bg5 h6 8. Be3
Nd4 9. O-O O-O 10. Rb1 b6 11. Qd2 Kh7 12. f4 d5 13. e5 Nxe2+ 14. Nxe2 Bd7 15.
c3 Rc8 16. g4 Bc6 17. Rf2 f5 18. exf6 Bxf6 19. d4 Bd7 20. Rbf1 Bg7 21. Rf3 Rh8
22. Qd3 Qe8 23. R1f2 Kg8 24. Rg3 Qf7 25. Qa6 Rc7 26. dxc5 bxc5 27. Qa5 Rb7 28.
Bxc5 Nc6 29. Qa3 Kh7 30. Nd4 Nxd4 31. cxd4 Rhb8 32. b4 Bf6 33. g5 Bd8 34. Rh3
h5 35. Qd3 a5 36. Rxh5+ Kg7 37. Rh6 axb4 38. Qh3 Qg8 39. Bf3 b3 40. f5 exf5 41.
Rxg6+ 1-0

[Event "PRVA LIGA CENTRALNE SRBIJE 2014"]
[Site "Kraljevo"]
[Date "2014.09.16"]
[Round "5.6"]
[White "Milanovic, Slavisa"]
[Black "Zlatanovic, Boroljub"]
[Result "1-0"]
[WhiteElo "2418"]
[BlackElo "2402"]
[PlyCount "63"]
[EventDate "2014.09.13"]

1. c4 g6 2. d4 Bg7 3. e4 d6 4. Nc3 e5 5. d5 f5 6. exf5 Bxf5 7. Bd3 Bxd3 8. Qxd3
Na6 9. Nf3 Nc5 10. Qe2 Qe7 11. O-O Bh6 12. b4 Nd7 13. c5 a6 14. Re1 Bxc1 15.
Raxc1 Ngf6 16. Ng5 O-O 17. Ne6 Rfc8 18. Qc4 b5 19. Qb3 dxc5 20. bxc5 Kh8 21. c6
Nb6 22. Rxe5 Qd6 23. f4 Re8 24. Ne4 Nxe4 25. Rxe4 Re7 26. Rd1 Rae8 27. Rd3 Kg8
28. f5 Rf7 29. fxg6 hxg6 30. Rg4 Qe5 31. Qb1 Qf6 32. Rf3 1-0

[Event "PRVA LIGA CENTRALNE SRBIJE 2014"]
[Site "Kraljevo"]
[Date "2014.09.16"]
[Round "5.6"]
[White "Pavlovic, Goran"]
[Black "Lapcevic, Milos"]
[Result "1/2-1/2"]
[WhiteElo "2389"]
[BlackElo "2377"]
[PlyCount "42"]
[EventDate "2014.09.13"]

1. d4 Nf6 2. c4 e6 3. Nf3 b6 4. g3 Ba6 5. Qa4 Bb7 6. Bg2 c5 7. dxc5 bxc5 8. Nc3
Be7 9. O-O O-O 10. Rd1 Qb6 11. Bf4 d6 12. Rd2 a6 13. Rad1 Rd8 14. g4 h6 15. h3
Qc7 16. Qc2 Nc6 17. e3 Na5 18. b3 Nc6 19. Qb1 Qa5 20. Qc1 Qc7 21. Qb1 Qa5
1/2-1/2

[Event "PRVA LIGA CENTRALNE SRBIJE 2014"]
[Site "Kraljevo"]
[Date "2014.09.16"]
[Round "5.6"]
[White "Blesic, Vaso"]
[Black "Radovanovic, Nikola"]
[Result "1/2-1/2"]
[WhiteElo "2366"]
[BlackElo "2348"]
[PlyCount "24"]
[EventDate "2014.09.13"]

1. e4 d6 2. d4 Nf6 3. Nc3 e5 4. dxe5 dxe5 5. Qxd8+ Kxd8 6. Nf3 Bd6 7. Be3 Nbd7
8. a3 a6 9. Bc4 Ke8 10. Nd2 b5 11. Ba2 Bb7 12. f3 Bc6 1/2-1/2